Astronomía física (Record no. 163172)
[ view plain ]
| 000 -LEADER | |
|---|---|
| campo de control de longitud fija | 01097nam a2200181 i 4500 |
| 001 - NÚMERO DE CONTROL | |
| campo de control | 163172 |
| 003 - IDENTIFICADOR DE NÚMERO DE CONTROL | |
| campo de control | ES-MaACL |
| 005 - FECHA Y HORA DE LA ÚLTIMA TRANSACCIÓN | |
| campo de control | 20230906212704.0 |
| 008 - DATOS DE LONGITUD FIJA--INFORMACIÓN GENERAL | |
| campo de control de longitud fija | 950503m18501851sp af |||| | spa d |
| 100 1# - ENTRADA PRINCIPAL--NOMBRE DE PERSONA | |
| Nombre de persona | Reguero Argüelles, José. |
| 9 (RLIN) | 131671 |
| 245 10 - MENCIÓN DEL TÍTULO | |
| Título | Astronomía física |
| Resto del título | : nociones de esta ciencia sublime dirigidas a ponerla al alcance de todos, y a preparar al estudio elemental de la misma / |
| Mención de responsabilidad, etc. | redactadas por el licenciado José Reguero Argüelles. |
| 260 ## - PUBLICACIÓN, DISTRIBUCIÓN, ETC. | |
| Lugar de publicación, distribución, etc. | Madrid : |
| Nombre del editor, distribuidor, etc. | [s.n.], |
| Fecha de publicación, distribución, etc. | 1850-1851 ( |
| Fabricante | Imp. del Semanario e Ilustración) |
| 300 ## - DESCRIPCIÓN FÍSICA | |
| Extensión | 3 v. (672 p., 3 h. de lám. pleg. ; 638 p., 2 h. de lám. pleg. [4-5] ; 400 p., 2 h. de lám. pleg. [6-7]) : |
| Otras características físicas | il. ; |
| Dimensiones | 20 cm. |
| 530 ## - NOTA DISPONIBLE DE FORMULARIO FÍSICO ADICIONAL | |
| Nota de formato físico adicional disponible | Disponible en formato digital. |
| 650 #4 - PUNTO DE ACCESO ADICIONAL DE MATERIA--TÉRMINO DE MATERIA | |
| Término de materia o nombre geográfico como elemento de entrada | Astrofísica. |
| 9 (RLIN) | 135646 |
| 852 ## - LOCALIZACIÓN | |
| Ubicación | ES-MaACL |
| Número de control de estantería | B-183-85 |
| Nota libre | - Enc. pasta española |
| -- | . - Sello de Los Escolares Médicos, Madrid |
| -- | - Dedic. de Casimiro S. Oliva a la Biblioteca de Los Escolares Médicos |
| 856 ## - LOCALIZACIÓN Y ACCESO ELECTRÓNICOS | |
| Identificador Uniforme de Recursos | <a href="http://bibliotecadigitalhispanica.bne.es:80/webclient/DeliveryManager?pid=1677933&custom_att_2=simple_viewer">http://bibliotecadigitalhispanica.bne.es:80/webclient/DeliveryManager?pid=1677933&custom_att_2=simple_viewer</a> |
| Nota pública | Biblioteca Digital Hispánica |
| Estatus retirado | Estado de pérdida | Estado de daño | No para préstamo | Colección | Biblioteca de origen | Biblioteca actual | Ubicación en estantería | Fecha de adquisición | Total de préstamos | Signatura topográfica completa | Código de barras | Visto por última vez | Precio de reemplazo | Tipo de ítem Koha |
|---|---|---|---|---|---|---|---|---|---|---|---|---|---|---|
| Colección digital | Biblioteca del Ateneo de Madrid | Biblioteca del Ateneo de Madrid | Sala Pardo Bazán | 17/01/2008 | B-183-85 | 1170985 | 23/02/2023 | 23/02/2023 | Libro impreso antiguo |
